000 002830000a22000970004500
100 1 _aZvi, Ehud Ben
245 1 0 _aMicah 1.2-16 : Observations and possible implications
300 _aNúm 77 (1998), Páginas 103-120
773 0 _tJournal for the Study of the Old Testament
942 _cANA
999 _c54839
_d54839